|
|
|
|
| LEADER |
00000nbm0a2200000 4500 |
| 001 |
153436 |
| 005 |
20231031151411.0 |
| 029 |
0 |
0 |
|a SU
|b 01870030252
|f ТПУ
|
| 035 |
|
|
|a (RuTPU)RU\TPU\book\166464
|
| 090 |
|
|
|a 153436
|
| 100 |
|
|
|a 20090212d1990 k y0rusy50 ca
|
| 101 |
0 |
|
|a rus
|
| 102 |
|
|
|a RU
|
| 105 |
|
|
|a a p 001zy
|
| 200 |
1 |
|
|a Создание методики, проведение расчетов и выдача рекомендаций по проектированию асинхронных конденсаторных двигателей с витыми магнитопроводами
|e Заключительный отчет о НИР
|e Тема: х/д 7-19/87
|f Томский политехнический институт (ТПИ) ; руководитель К. А. Хорьков ; В. С. Баклин
|
| 210 |
|
|
|a Томск
|d 1990
|
| 215 |
|
|
|a 110 л.
|
| 320 |
|
|
|a Библиогр.: с. 110.
|
| 610 |
1 |
|
|a отчеты о НИР
|
| 610 |
1 |
|
|a асинхронные двигатели
|
| 610 |
1 |
|
|a конденсаторные двигатели
|
| 610 |
1 |
|
|a статоры
|
| 610 |
1 |
|
|a магнитопроводы
|
| 610 |
1 |
|
|a магнитное поле
|
| 610 |
1 |
|
|a метод конечных разностей
|
| 610 |
1 |
|
|a насыщение
|
| 610 |
1 |
|
|a индуктивность фаз
|
| 610 |
1 |
|
|a гармонический анализ
|
| 610 |
1 |
|
|a зубцовые контуры
|
| 610 |
1 |
|
|a проводимость
|
| 675 |
|
|
|a 621.313.333.001.6(04)
|v 3
|
| 702 |
|
1 |
|a Хорьков
|b К. А.
|4 673
|
| 702 |
|
1 |
|a Баклин
|b В. С.
|4 677
|
| 712 |
0 |
2 |
|a Томский политехнический институт (ТПИ)
|c (1944-1991)
|2 stltpush
|3 (RuTPU)RU\TPU\col\1123
|4 595
|
| 801 |
|
1 |
|a RU
|b 63413507
|c 20090212
|g PSBO
|
| 942 |
|
|
|c BK
|